| 000 | 00546nam a2200181 i 4500 | ||
|---|---|---|---|
| 001 | 41198 | ||
| 003 | ES-MaACL | ||
| 005 | 20250820094841.0 | ||
| 007 | t| | ||
| 008 | 030310s1940 sp |||| | spa d | ||
| 100 | 1 |
_aCascón, Miguel. _936278 |
|
| 245 | 1 | 4 |
_aLos Jesuitas en Menéndez Pelayo / _cMiguel Cascón ; prólogo de Enrique Sánchez Reyes. |
| 260 |
_aValladolid : _b[s.n., _c1940] ( _eSantander : _fAldus) |
||
| 300 |
_a613 p. ; _c25 cm. |
||
| 610 | 2 | 4 |
_aJesuitas _95348 |
| 852 |
_aES-MaACL _jA-5266 |
||
| 999 |
_c41198 _d41198 |
||